Match The Artist With The Kpop Song Quiz Stats

 Plays Quiz not verified by Sporcle

Challenge
Share
Tweet
Embed
Score 0/20 Timer 12:00
0 Plays Today
Song Artist % Correct
Like A CatAOA
96.5%
Rum Pum Pum Pum F(x)
91.3%
Hate 4minute
90.7%
Roll Deep Hyuna
89%
Something Girls Day
86.9%
Give It To Me Sistar
84.9%
Hush Miss A
83.5%
Paradise Lost Gain
73.2%
Poison Secret
55.5%
First LoveAfter School
52.4%
Song Artist % Correct
Damaged LadyKara
51.5%
Dolls 9muses
34%
Sunshine Rainbow
33.9%
One Way LoveHyolyn
31.2%
The Shadow BoA
26.2%
Between The Lips IU
16.7%
You Know Jay Park
16.3%
False Hope Song Ji Eun
14.1%
WifeyNS Yoon G
13.7%
It's MeKahi
11.8%

You're not logged in!

Compare scores with friends on all Sporcle quizzes.
Join for Free
OR
Log In

You Might Also Like...

Show Comments

Extras

Created Feb 25, 2016ReportNominate
Tags:Kpop Quiz, Kpop Quiz

Top Quizzes Today


Score Distribution

Your Account Isn't Verified!

In order to create a playlist on Sporcle, you need to verify the email address you used during registration. Go to your Sporcle Settings to finish the process.

Report this User

Report this user for behavior that violates our Community Guidelines.

Details: